SAX - Slovenský akciový index Index Burzy cenných papierov Bratislava a Creditanstaltu
Význam vývoja indexov akcií obchodovaných na verejných kapitálových trhoch. Úloha pri vyhodnotení portfolia. Konštrukcia akciového indexu SAX ako burzového indexu. Kritériá výberu akcií.
Guardado en:
| Autor principal: | |
|---|---|
| Otros Autores: | , |
| Formato: | Capítulo de libro |
| Lenguaje: | eslovaco |
| Materias: | |
| Etiquetas: |
Sin Etiquetas, Sea el primero en etiquetar este registro!
|
MARC
| LEADER | 00000naa a2200000 4500 | ||
|---|---|---|---|
| 001 | r014862 | ||
| 005 | 20221213113553.5 | ||
| 041 | 0 | |a slo | |
| 044 | |a SK | ||
| 245 | 1 | 0 | |a SAX - Slovenský akciový index |b Index Burzy cenných papierov Bratislava a Creditanstaltu |c M. Cabadaj, I. Gránsky, M. Sásik |
| 520 | |a Význam vývoja indexov akcií obchodovaných na verejných kapitálových trhoch. Úloha pri vyhodnotení portfolia. Konštrukcia akciového indexu SAX ako burzového indexu. Kritériá výberu akcií. | ||
| 610 | 2 | 0 | |a akcie |
| 610 | 2 | 0 | |a indexy |
| 610 | 2 | 0 | |a trh kapitálový |
| 610 | 2 | 0 | |a portfólio |
| 610 | 2 | 0 | |a burzy |
| 610 | 2 | 0 | |a obchody burzové |
| 610 | 2 | 0 | |a indexy burzové |
| 610 | 2 | 0 | |a SAX |
| 610 | 2 | 0 | |a Slovensko |
| 100 | 1 | |a Cabadaj, M. | |
| 700 | 1 | |a Gránsky, I. | |
| 700 | 1 | |a Sásik, M. | |